|
|
|
|
| LEADER |
00000nbm0a2200000 4500 |
| 001 |
150491 |
| 005 |
20231031150210.0 |
| 029 |
0 |
0 |
|a SU
|b 01900020911
|f ТПУ
|
| 035 |
|
|
|a (RuTPU)RU\TPU\book\163163
|
| 090 |
|
|
|a 150491
|
| 100 |
|
|
|a 20090112d1991 k y0rusy50 ca
|
| 101 |
0 |
|
|a rus
|
| 102 |
|
|
|a RU
|
| 105 |
|
|
|a a p 001zy
|
| 200 |
1 |
|
|a Разработка и создание типовой установки для комбинированного воздействия электрон - электронными и электрон - рентгеновскими пучками на твердые материалы
|e Промежуточный отчет о НИР
|e Тема: г/б " Синхропучки"
|f Томский политехнический институт (ТПИ) ; руководитель Д. И. Вайсбурд ; С. И. Твердохлебов
|
| 210 |
|
|
|a Томск
|d 1991
|
| 215 |
|
|
|a 10 л.
|
| 320 |
|
|
|a Библиогр.: с.10.
|
| 610 |
1 |
|
|a твердые материалы
|
| 610 |
1 |
|
|a установки
|
| 610 |
1 |
|
|a комбинированное воздействие
|
| 610 |
1 |
|
|a электроны
|
| 610 |
1 |
|
|a ионы
|
| 610 |
1 |
|
|a рентгеновские лучи
|
| 610 |
1 |
|
|a лазерные лучи
|
| 610 |
1 |
|
|a ускорители
|
| 610 |
1 |
|
|a синхронизация
|
| 610 |
1 |
|
|a отчеты о НИР
|
| 675 |
|
|
|a 621.384.6(04)
|v 3
|
| 702 |
|
1 |
|a Вайсбурд
|b Д. И.
|4 673
|
| 702 |
|
1 |
|a Твердохлебов
|b С. И.
|4 677
|
| 712 |
0 |
2 |
|a Томский политехнический институт (ТПИ)
|c (1944-1991)
|2 stltpush
|3 (RuTPU)RU\TPU\col\1123
|4 595
|
| 801 |
|
1 |
|a RU
|b 63413507
|c 20090112
|g PSBO
|
| 801 |
|
2 |
|a RU
|b 63413507
|c 20090112
|g PSBO
|
| 942 |
|
|
|c BK
|